LEADER 01358nam a2200277 u 4500 001 000000078590 003 CaOOAMICUS 005 20070226123439.0 008 040507s1997 it u000 u ita u 035 $a10993933 040 $aPUL(R)$bita 100 1 $aCicchese, Gennaro,$d1961-$0(OLS)http://pul/name/33326 245 13$aIl concetto di alteritą in prospettiva storica e antropologica /$cGennaro Cicchese. 260 $aRoma :$bPontificia Universitą Lateranense,$c1997. 300 $a130 p. ;$c24 cm 490 1 $aPontificia Universitas Lateranensis. Theses ad Doctoratum in Philosophia. 500 $a"Estratto della tesi di dottorato". 502 $aDiss. (doct.) -- Pontificia Universitas Lateranensis. 504 $aBibliografia : p. [17]-42. 650 4$aAntropologia$xAspetti morali e religiosi.$0(OLS)http://pul/subject/17037 830 0$aTheses ad doctoratum in philosophia (Pontificia Universitą Lateranense).$0(OLS)http://pul/title/1761 850 $aPUL 852 $aPUL$W1$xDP1 Tesi Pon Univ. Lateranense$y41$mTH PUL 720$j100768$nBK-PRI$b $qTesi$B100768$CPULBib$Z2$F100768 $HPUL76778 $81 941 1 $a16 996 $6245$aIl concetto di alteritą in prospettiva storica e antropologica$9(OLS)http://pul/title/102938 996 $6260$aRoma :$bPontificia Universitą Lateranense$9(OLS)http://pul/publisher/47963 LEADER 01501nam a2200349 a 4500 001 000000131325 003 CaOOAMICUS 005 20121115094359.0 008 121115s2008 it u000 u ita r 020 $a978-88-339-1843-3 040 $aPUL$bita 041 1 $aita$hger 082 04$a943.8 100 1 $aAnders, Günther,$d1902-1992.$0(OLS)http://pul/name/84353 240 10$aBesuch im Hades.$lItaliano.$0(OLS)http://pul/title/165891 245 10$aDiscesa all'Ade :$bAuschwitz e Breslavia, 1966 /$cGünther Anders ; a cura di Sergio Fabian. 260 $aTorino :$bBollati Boringhieri,$c©2008. 300 $a175 p. ;$c20 cm. 490 1 $aTemi ;$v172 504 $aInclude riferimenti bibliografici. 650 4$aOlocausto.$0(OLS)http://pul/subject/25039 650 4$aEbrei$xPersecuzioni e massacri.$0(OLS)http://pul/subject/22588 700 1 $aFabian, Sergio.$0(OLS)http://pul/name/84354 830 0$aTemi (Bollati Boringhieri) ;$v172.$0(OLS)http://pul/title/79317 850 $aPUL 852 $aPUL$W1$xSL Cons. Gen., Altre Classi 3$y75$m943. 8 ANDGU 1$j151622$qDDC 21$q $B150518$CPULBib$Z2$F150518 $H121185 $81 941 1 $a9 996 $6020$a978-88-339-1843-3$9(OLS)http://pul/number/151027 996 $6082$a943.8$9(OLS)http://pul/classification/2400 996 $6245$aDiscesa all'Ade :$bAuschwitz e Breslavia, 1966$9(OLS)http://pul/title/165892 996 $6260$aTorino :$bBollati Boringhieri$9(OLS)http://pul/publisher/47883